Chefs lieux sans J - Statistiques

Statistiques générales
  • Ce quiz a été pris 6 fois
  • Le résultat moyen est 80 sur 99
Statistiques - réponses
Réponse % Correct
Alençon
100%
Amiens
100%
Angers
100%
Annecy
100%
Arras
100%
Avignon
100%
Bastia
100%
Bordeaux
100%
Caen
100%
Charleville-Mézières
100%
Évreux
100%
Grenoble
100%
Laon
100%
La Rochelle
100%
La Roche-sur-Yon
100%
Lille
100%
Marseille
100%
Nantes
100%
Nice
100%
Orléans
100%
Rennes
100%
Rouen
100%
Saint-Brieuc
100%
Saint-Denis
100%
Saint-Étienne
100%
Saint-Lô
100%
Strasbourg
100%
Toulon
100%
Toulouse
100%
Tours
100%
Tulle
100%
Agen
80%
Albi
80%
Auch
80%
Aurillac
80%
Bar-le-Duc
80%
Belfort
80%
Besançon
80%
Bourg-en-Bresse
80%
Bourges
80%
Carcassonne
80%
Châlons-en-Champagne
80%
Chartres
80%
Châteauroux
80%
Clermont-Ferrand
80%
Colmar
80%
Créteil
80%
Digne-les-Bains
80%
Évry-Courcouronnes
80%
Foix
80%
Gap
80%
Guéret
80%
Le Puy-en-Velay
80%
Limoges
80%
Lons-le-Saunier
80%
Lyon
80%
Mâcon
80%
Mende
80%
Metz
80%
Mont-de-Marsan
80%
Montpellier
80%
Nancy
80%
Nevers
80%
Nîmes
80%
Niort
80%
Paris
80%
Pau
80%
Périgueux
80%
Perpignan
80%
Poitiers
80%
Privas
80%
Quimper
80%
Rodez
80%
Tarbes
80%
Valence
80%
Vannes
80%
Versailles
80%
Angoulême
60%
Auxerre
60%
Beauvais
60%
Blois
60%
Bobigny
60%
Cahors
60%
Cayenne
60%
Chambéry
60%
Chaumont
60%
Fort-de-France
60%
Laval
60%
Le Mans
60%
Mamoudzou
60%
Montauban
60%
Nanterre
60%
Vesoul
60%
Basse-Terre
40%
Épinal
40%
Melun
40%
Moulins
40%
Pontoise
40%
Troyes
40%
Aucun quiz correspondant
Distribution des résultats
% des personnes avec chaque résultat
Percentile par nombre de réponses
Votre historique - résultats
Vous n’avez pas pris ce quiz